000
00268nam a22001097a 4500
008
170112b xxu||||| |||| 00| 0 eng d
020
_a
0826143547
041
_a
eng
080
_a
618.2
245
_a
ANNUAL REVIEW OF NURSING RESEARCH
_c
FITZPATRIACK, J.J
942
_2
udc
_c
BK
999
_c
2783
_d
2783